<?xml version="1.0" encoding="UTF-8"?><marc:collection xmlns:marc="http://www.loc.gov/MARC21/slim">
  <marc:record>
    <marc:leader>00000nam##2200000za#4500</marc:leader>
    <marc:controlfield tag="001">9.680166</marc:controlfield>
    <marc:controlfield tag="003">CaOODSP</marc:controlfield>
    <marc:controlfield tag="005">20210615132349</marc:controlfield>
    <marc:controlfield tag="007">ta</marc:controlfield>
    <marc:controlfield tag="008">150407|1997||||xxc|||||     f|0| 0 fre|d</marc:controlfield>
    <marc:datafield tag="020" ind1=" " ind2=" ">
      <marc:subfield code="a">0-660-95690-X</marc:subfield>
    </marc:datafield>
    <marc:datafield tag="040" ind1=" " ind2=" ">
      <marc:subfield code="a">CaOODSP</marc:subfield>
      <marc:subfield code="b">fre</marc:subfield>
    </marc:datafield>
    <marc:datafield tag="043" ind1=" " ind2=" ">
      <marc:subfield code="a">n-cn---</marc:subfield>
    </marc:datafield>
    <marc:datafield tag="086" ind1="1" ind2=" ">
      <marc:subfield code="a">CP32-64/10-1997F</marc:subfield>
    </marc:datafield>
    <marc:datafield tag="110" ind1="1" ind2=" ">
      <marc:subfield code="a">Canada. </marc:subfield>
      <marc:subfield code="b">Commission d'enquête sur le déploiement des Forces canadiennes en Somalie.</marc:subfield>
    </marc:datafield>
    <marc:datafield tag="245" ind1="1" ind2="0">
      <marc:subfield code="a">L'expérience de la Somalie d'un point de vue stratégique: répercussions sur les forces militaires dans une société libre et démocratique : </marc:subfield>
      <marc:subfield code="b">étude préparée pour la Commission d'enquête sur le déploiement des Forces canadiennes en Somalie / </marc:subfield>
      <marc:subfield code="c">par Berel Rodal. </marc:subfield>
    </marc:datafield>
    <marc:datafield tag="260" ind1=" " ind2=" ">
      <marc:subfield code="a">Ottawa - Ontario : </marc:subfield>
      <marc:subfield code="b">Commission d'enquête sur le déploiement des Forces canadiennes en Somalie </marc:subfield>
      <marc:subfield code="c">1997.</marc:subfield>
    </marc:datafield>
    <marc:datafield tag="300" ind1=" " ind2=" ">
      <marc:subfield code="a">xviii, 166p. : </marc:subfield>
      <marc:subfield code="b">références ; </marc:subfield>
      <marc:subfield code="c">23 cm.</marc:subfield>
    </marc:datafield>
    <marc:datafield tag="500" ind1=" " ind2=" ">
      <marc:subfield code="a">«On donne un aperçu des développements nationaux et internationaux qui ont une incidence sur les exigences d'intervention des forces armées du Canada et d'autres démocraties, sur ce que le gouvernement et le public attendent d'elles, ainsi que des grandes répercussions sur les politiques gouvernementale, militaires et de défense.»--Couverture arrière. Données de catalogage avant publication (Canada) imprimées dans cette publication.</marc:subfield>
    </marc:datafield>
    <marc:datafield tag="520" ind1="3" ind2=" ">
      <marc:subfield code="a">Cette étude vise à déterminer le cadre stratégique d’ensemble des travaux de la Commission. On donne un aperçu des développements nationaux et internationaux qui ont une incidence sur les exigences d’intervention des forces armées du Canada et d’autres démocraties, sur ce que le gouvernement et le public attendent d’elles, ainsi que des grandes répercussions sur les politiques gouvernementales, militaires et de défense. L’auteur estime que l’expérience somalienne, y compris les réactions des Canadiens, appelle la réflexion sur le nouvel environnement stratégique et sur les buts et les options du Canada; sur les dimensions et l’importance, pour les forces armées, du changement sociétal et de l’évolution des concepts des droits et de leur portée; ainsi que sur le bien-fondé et les conditions du maintien et de l’emploi des forces armées à l’aube du XXIE siècle.</marc:subfield>
    </marc:datafield>
    <marc:datafield tag="563" ind1=" " ind2=" ">
      <marc:subfield code="a">Couverture souple</marc:subfield>
    </marc:datafield>
    <marc:datafield tag="590" ind1=" " ind2=" ">
      <marc:subfield code="a">97-33</marc:subfield>
      <marc:subfield code="b">1997-08-15</marc:subfield>
    </marc:datafield>
    <marc:datafield tag="691" ind1="0" ind2="7">
      <marc:subfield code="a">Armée</marc:subfield>
      <marc:subfield code="2">gcpds</marc:subfield>
    </marc:datafield>
    <marc:datafield tag="720" ind1="1" ind2=" ">
      <marc:subfield code="a">Rodal, Berel</marc:subfield>
    </marc:datafield>
    <marc:datafield tag="775" ind1="0" ind2="8">
      <marc:subfield code="t">The Somalia experience in strategic perspective: implications for the military in a free and democratic society : </marc:subfield>
      <marc:subfield code="w">(CaOODSP)9.646643</marc:subfield>
    </marc:datafield>
    <marc:datafield tag="776" ind1="0" ind2="#">
      <marc:subfield code="t">L'expérience de la Somalie d'un point de vue stratégique - répercussions sur les forces militaires dans une société libre et démocratique : </marc:subfield>
      <marc:subfield code="w">(CaOODSP)9.644297</marc:subfield>
    </marc:datafield>
  </marc:record>
</marc:collection>
